Finalité pédagogique du Consultorium Pianistique Molinari : incorporé au Département d'Instruction Publique de la Généralité de Catalogne par décret du 3 Août 1937 / Consultori Pianístic Molinari ; directeur: Joan Molinari incorporé au Département d'Instruction Publique de la Généralité de Catalogne par décret du 3 Août 1937 /
Descripción Física:
[8] p. ; il. ; 21 cm
Otros Autores:
Molinari, Joan, dir
Idioma:
French
MARC
| LEADER | 00000nam a2200000Ia 4500 | ||
|---|---|---|---|
| 001 | 22412 | ||
| 003 | AGDB | ||
| 005 | 20260410113646.0 | ||
| 008 | 160829s1937 xx 000 0 cat d | ||
| 040 | |a agdb |b cat | ||
| 041 | |a fre | ||
| 080 | |a RF-15-89 | ||
| 100 | |a Consultori Pianístic Molinari |9 47384 | ||
| 245 | |a Finalité pédagogique du Consultorium Pianistique Molinari : |b incorporé au Département d'Instruction Publique de la Généralité de Catalogne par décret du 3 Août 1937 / |b Consultori Pianístic Molinari ; directeur: Joan Molinari | ||
| 260 | |a Barcelona : |b Généralité de Catalogne. Institut Psychotechnique ; |c 1937 | ||
| 300 | |a [8] p. ; |b il. ; |c 21 cm | ||
| 590 | |a A la portada: Le Consultorium Pianistique Molinari a été créé dans le but de 'rechercher le degré d'aptitude des étudiants du piano et pour servir de laboratoire à Maîtres et élèves afin de corriger les insuffisances de l'organisme humain qui sont un obstacle à la réalisation des études pianistiques ainsi que pour donner lieu à la découverte des dispositions des élèves bien doués, dispositions souvent cachées et difficilement appréciables'. | ||
| 590 | |a Hi ha un exemplar en català amb R. 19366. | ||
| 590 | |a Prové de S-446, exp. 3 | ||
| 650 | |a Piano |x Ensenyament |9 47385 | ||
| 650 | |a Consultori Pianístic Molinari |9 47384 | ||
| 700 | |a Molinari, Joan, dir. |9 47386 | ||
| 710 | 1 | |a Catalunya. |b Generalitat |9 12125 | |
| 710 | 2 | |a Institut Psicotècnic de Barcelona |9 54312 | |
| 856 | 4 | |u https://media.diba.cat/diba/fitxers/arxiu/fulletons/bib_22412_1937_baixa.pdf |y Accés lliure | |
| 856 | 4 | |u https://media.diba.cat/diba/fitxers/arxiu/fulletons/bib_22412_1937_baixa.pdf |y Accés lliure | |
| 856 | 4 | 0 | |u https://www.diba.cat/documents/94831/401503169/bib_22412_1937_baixa.pdf/34107958-0541-6cfe-4d25-9e1b8f3e629a?t=1702285209758 |z Accés lliure |
| 900 | |a bib_22412_1937_baixa.pdf | ||
| 901 | |a Arxiu | ||
| 942 | |n 1 |2 udc |c ARXIU | ||
| 952 | |0 0 |1 0 |4 0 |6 RF1589 |7 1 |9 53851 |a Arxiu |b Arxiu |d 2016-12-01 |l 0 |o RF-15-89 |p 22412 |r 2016-12-01 00:00:00 |w 2016-12-01 |y ARXIU | ||
| 999 | |c 57717 |d 57717 | ||